| 000 | 00365nam a2200145Ia 4500 | ||
|---|---|---|---|
| 008 | 230917s9999||||xx |||||||||||||| ||und|| | ||
| 040 |
_e74216 _aMAIN |
||
| 041 | _aEnglish | ||
| 082 | _a658.4 D862M | ||
| 100 | _aDudeja, V D | ||
| 245 | 0 | _aManual of modern management: principles and practices | |
| 260 |
_aNew Delhi _bR K _c1985 |
||
| 300 | _a114 p. | ||
| 942 | _cBK | ||
| 999 |
_c51990 _d51990 |
||